Laisiangthou: (Record no. 6862)

MARC details
000 -LEADER
fixed length control field 00481nam a22001817a 4500
003 - CONTROL NUMBER IDENTIFIER
control field GBCCL
005 - DATE AND TIME OF LATEST TRANSACTION
control field 20251201125104.0
008 - FIXED-LENGTH DATA ELEMENTS--GENERAL INFORMATION
fixed length control field 180702b ||||| |||| 00| 0 eng d
020 ## - INTERNATIONAL STANDARD BOOK NUMBER
International Standard Book Number 1596450606
020 ## - INTERNATIONAL STANDARD BOOK NUMBER
International Standard Book Number 1596450614
040 ## - CATALOGING SOURCE
Transcribing agency GBC
082 ## - DEWEY DECIMAL CLASSIFICATION NUMBER
Classification number 220.5954
Item number PAI 1
245 ## - TITLE STATEMENT
Title Laisiangthou:
Remainder of title thukhunlui leh thukhun thak
260 ## - PUBLICATION, DISTRIBUTION, ETC.
Date of publication, distribution, etc. 2004.
Place of publication, distribution, etc. Grand Rapids:
Name of publisher, distributor, etc. Bibleds International,
300 ## - PHYSICAL DESCRIPTION
Extent 1304, 406p.
Other physical details maps
650 ## - SUBJECT ADDED ENTRY--TOPICAL TERM
Topical term or geographic name entry element Bible
Form subdivision Paite
9 (RLIN) 12283
942 ## - ADDED ENTRY ELEMENTS (KOHA)
Edition PAITE
Source of classification or shelving scheme Dewey Decimal Classification
Koha item type Reference Books
Holdings
Withdrawn status Lost status Source of classification or shelving scheme Damaged status Not for loan Collection Home library Current Library Shelving location Date acquired Total checkouts Full call number Barcode Date last seen Copy number Price effective from Koha item type
    Dewey Decimal Classification       GRACE BIBLE COLLEGE GRACE BIBLE COLLEGE Bible 2018-07-02   VER 220.59 BIB 011937 2025-05-01 c.1 2018-07-02 Reference Books
    Dewey Decimal Classification       GRACE BIBLE COLLEGE GRACE BIBLE COLLEGE Bible 2018-07-02   VER 220.5954 PAI 011938 2025-05-01 c.2 2018-07-02 Reference Books
    Dewey Decimal Classification       GRACE BIBLE COLLEGE GRACE BIBLE COLLEGE Bible 2018-07-02   VER 220.5954 PAI 011939 2025-05-01 c.3 2018-07-02 Reference Books
    Dewey Decimal Classification       GRACE BIBLE COLLEGE GRACE BIBLE COLLEGE Bible 2018-07-02   VER 220.5954 PAI 011940 2025-05-01 c.4 2018-07-02 Reference Books
    Dewey Decimal Classification       GRACE BIBLE COLLEGE GRACE BIBLE COLLEGE Bible 2018-07-02   VER 220.5954 PAI 011941 2025-05-01 c.5 2018-07-02 Reference Books
    Dewey Decimal Classification       GRACE BIBLE COLLEGE GRACE BIBLE COLLEGE Bible 2022-02-02   VER 220.5954 PAI 013848 2025-05-01 c.6 2022-02-02 Reference Books
© Grace Bible College Library 2025